Guess the Fusion Rock Song Lyrics #130 - Statistics

General Stats
  • This quiz has been taken 24 times
  • The average score is 134 of 218
Answer Stats
Answer % Correct
the
95%
The
95%
I
90%
to
86%
To
86%
be
76%
can
76%
hold
76%
love
76%
Toto
76%
you
76%
You
76%
it
71%
can't
67%
had
67%
me
67%
Now
67%
now
67%
that
67%
we
67%
just
62%
you're
62%
But
57%
If
57%
know
57%
Time
57%
time
57%
how
52%
I'm
52%
one
52%
think
52%
won't
52%
gone
48%
I'd
48%
not
48%
Oh
48%
were
48%
back
43%
found
43%
about
38%
alone
38%
right
38%
tell
38%
things
38%
another
33%
gives
33%
mine
33%
really
33%
shared
33%
try
33%
baby
29%
chance
29%
erase
29%
much
29%
said
29%
who's
29%
same
24%
myself
19%
realize
19%
tonight
19%
years
19%
blame
14%
cared
14%
guess
14%
sad
14%
held
5%
Listen
5%
No matching quizzes found
Score Distribution
Percent of People with Each Score
Percentile by Number Answered
Your Score History
You have not taken this quiz